000 00411nam a2200181Ia 4500
001 3080
005 20260306144854.0
008 260306t2013||||xx |||||||||||||| ||spa||
041 _aESP
082 _a249.8
_bF59
100 _aFlórez, Gonzalo
_eAUT
245 0 _aMatrimonio y familia
260 _c2013
300 _a285 páginas :
_c22 cm.
650 _aGEN
654 _aCHU
942 _cLIB
_dJUS
_fJUS
_2ddc
_n
999 _c3080
_d3080